Statistics for All DC The Don Songs

Click here to take the quiz!

General Stats

  • This quiz has been taken 20 times
  • The average score is 57 of 126

Answer Stats

AlbumsAnswer% Correct
12AM
75%
7 Knights
75%
Hate Being Lonely
75%
Heartbreak Summer 2 </3
75%
My Own Worst EnemyLive From The Gutta!
75%
Scott Pilgrim </3
75%
SACRED HEARTSRT
75%
1ST OFF
63%
Campfire Story
63%
DIFFERENT TYPE
63%
Do You Feel Me
63%
FUNERALFUNERAL
63%
Ghost Rider
63%
ILY
63%
IMY :(
63%
intuition
63%
DC DahmerJeffrey Dahmer
63%
JUST KEEP RUNNING
63%
FUNERAL (Deluxe)Let's Pretend?
63%
MAKAVELI
63%
MR. NOT NICE
63%
NASKAR
63%
Come As You AreParanoid
63%
PSA
63%
REROUT3
63%
RIRIS & KYLIES
63%
Rock Out
63%
WORST DAY :(
63%
3AM Freestyle
50%
Arrest Me
50%
Ball Player
50%
Diamonds & Rubies
50%
DONATELLO
50%
Donny's Revenge
50%
Dr. Strange...
50%
ECLIPSE
50%
EMOTIONS POUR
50%
ENEMIES
50%
Fight Or Flight :(
50%
Free Falling!
50%
Friends..
50%
FUTURAMA 2099
50%
Going Stuck
50%
Hate The New You
50%
Heartbreak Summer 3
50%
Hello DC!
50%
HOMICID3
50%
iCarly :/
50%
i'm losing it
50%
i want you <3
50%
John Cena
50%
LUV
50%
MANIAC
50%
Megalodon
50%
melatonin
50%
Come As You Are (Deluxe)MW3 FREESTYLE
50%
My Jacket Don't Fit You
50%
NICE TO MEET ME
50%
No Melody
50%
OUT OF MY BODY
50%
Red Light
50%
Shawty
50%
STOP BEING SO NICE
50%
Story of MY Life
50%
Tell Shyanne
50%
SACRED HEART 2TILLY ADLIBS
50%
UMBRELLA
50%
Used 2 Be/Me
50%
DC FridaysWelcome to the Show
50%
You Forgot Abt Me
50%
ALL NIGHT
38%
AUTOBOT!
38%
BACKSTAGE
38%
Bankrupt :/
38%
BEYOND GLOBAL
38%
ELECTRONICS
38%
SinglesEPIDEMIC
38%
Freddy Krueger
38%
GMFU
38%
H3Y
38%
LETS GO BAND 4 BAND
38%
Light Speed <3
38%
LSD Interlude
38%
Mood Swings
38%
Motion
38%
Nascar Racer
38%
NEXT WEEK!
38%
ØUTLAW
38%
RUNWAY!
38%
Telfar...
38%
URGENT!
38%
Wait Your Turn
38%
Walk Thru
38%
WAY TOO MUCH
38%
WHAT NOW?
38%
Working On Dyin
38%
11:30
25%
All I Know
25%
Beavis & Butt-head
25%
BREAK IN HALF
25%
BROTHERS
25%
Daij Is Drunk
25%
HATE IT OR LOVE IT
25%
HEADPHONES
25%
Hellraiser
25%
I SHOULDVE TOLD YA
25%
Jesus Can't Save You
25%
Meet Whitney!
25%
MET AT A PARTY
25%
MILLION
25%
Notice Me
25%
OK COOL
25%
Poison
25%
Rag3 Kidd
25%
REST IN PEACE
25%
Sidekick
25%
SO SICK
25%
Stop Hating
25%
Suicide
25%
TBH Yur CooL RaTe 8
25%
Tell Shyanne 2
25%
USE TO IT
25%
VOICE ON MY END
25%
WAIT 4 U
25%
Zombieland
25%
SHUTUP!
13%

Score Distribution

Percentile by Number Answered

Percent of People with Each Score

Your Score History

You have not taken this quiz